000 00667nam a22002177a 4500
003 UA-OsUOA
001 116298
007 ta
008 20160225b un ||||| |||| 00| 0 ukr d
100 _aРибак С.О.
090 _a330(477)
_bР49
942 _cSA
040 _aUA-OsUOA
_bukr
_cUA-OsUOA
_dUA-OsUOA
245 _aСоціальна та інвестиційна складові бюджетної політики: проблеми взаємодії
300 _aС.73-81
955 _a0
041 _aukr
080 _a330(477)
773 0 _w116292
_tФінанси України
_dК.
_d2015
_g12
650 7 _a330 Економіка взагалі
_2UDC
999 _c402162
_d402162